| 000 | 00965nam a2200289 i 4500 | ||
|---|---|---|---|
| 001 | 185677 | ||
| 003 | SpMaBN | ||
| 005 | 20251220214424.0 | ||
| 008 | 160802s1977 sp |||| |dspa d | ||
| 020 | _a84-211-0340-7 | ||
| 080 | _a1:294 | ||
| 080 | _a294:1 | ||
| 100 | 1 |
_aGlasenapp, Helmut von. _9160299 |
|
| 245 | 1 | 3 |
_aLa filosofía de los hindúes / _cHelmuth von Glasenapp ; [traducción de Fernando Tola]. |
| 250 | _a1ª ed. | ||
| 260 |
_aBarcelona : _bBarral, _c1977. |
||
| 300 |
_a525 p. ; _c20 cm. |
||
| 490 | 1 |
_aSeries de respuesta ; 140. _aBreve biblioteca de respuesta ; _v50 |
|
| 500 | _aÍndice. | ||
| 504 | _aBibliografía: p. 486-502. | ||
| 650 | 0 | 7 |
_aFilosofía hindú _2embne _912853 |
| 650 | 4 |
_aFilosofía- _zIndia. _9146143 |
|
| 700 | 1 |
_aTola, Fernando, _d1915- _9160300 |
|
| 830 | 0 |
_aBreve biblioteca de respuesta _v50 _9183536 |
|
| 852 |
_aES-MaACL _jL-30493 _z. - Donat. Miguel A. Velasco |
||
| 999 |
_c185677 _d185677 |
||